000 00649nam a2200265Ia 4500
005 20260121172852.0
008 008 260114s9999 xx 000 0 eng d
020 _a9783030863005
037 _aEBOOK
040 _aCRL
040 _beng
040 _cCRL
041 _2eng
041 _aeng
084 _qCRL
100 _aDavid Hall
_91093745
245 0 _aAgricultural Economics and Food Policy in New Zealand
260 _bSpringer
260 _bSpringer
260 _c2021
856 _uhttps://link.springer.com/openurl?genre=book&isbn=978-3-030-86300-5
942 _cEBOOK
999 _c1659487
_d1659487